00687nam a2200193 a 450000100100000000500170001000800410002702000150006804000250008308200180010810000370012624501310016326000570029430000280035150000220037950400470040165000210044865000240046900002354220200930022308.0101210s2002 mx a 000 | spa d a9701880641 aDO-SdBNPbspacBNPHU a581.63bP944c1 aPérez Gutiérrez, Rosa Martha10aCompuestos aislados de plantas con actividad antiinflamatoria, antiviral e hipoglucemiante /cRosa Martha Pérez Gutiérrez. aMéxico :bInstituto Politécnico Nacional,c2002. a192 p. :bil. ;c23 cm. aIncluye índices aBibliografía : p. 67- 77-131-138-165-171 4aPlantas útiles 4aPlantas medicinales